000 00344nam a22001577a 4500
003 OSt
008 250501b |||||||| |||| 00| 0 eng d
020 _a9781035015313
100 _aKING,Vex
245 _aCloser To Love
250 _a1st
260 _aLondon
_bBlue Bird Books
_c2023
300 _a325
650 _aGeneral
942 _2ddc
_cBK
999 _c13488
_d13488